Statistics for Taylor Swift - Last Kiss lyrics

Click here to take the quiz!

General Stats

  • This quiz has been taken 101 times
    (99 since last reset)
  • The average score is 362 of 399

Answer Stats

Answer% Correct
last
100%
kiss
100%
I
95%
you
95%
my
95%
this
95%
Never
95%
a
95%
have
95%
never
95%
do
95%
You
95%
Your
95%
The
95%
the
95%
your
95%
on
95%
we'd
94%
face
94%
look
94%
like
94%
me
94%
to
94%
lips
94%
I'm
94%
name
92%
end
92%
That
92%
imagined
92%
forever
92%
remember
92%
How
92%
thought
92%
something
92%
be
92%
how
92%
don't
92%
is
92%
Forever
92%
for
92%
know
92%
of
92%
that
92%
So
92%
all
91%
miss
91%
off
91%
go
91%
can
91%
All
91%
love
91%
still
89%
floor
89%
and
89%
in
89%
clothes
89%
You're
89%
I'll
89%
sit
89%
with
89%
It
89%
And
89%
pavement
88%
are
88%
walk
88%
not
88%
hands
88%
pocket
88%
when
88%
just
88%
was
88%
There's
88%
at
88%
loved
88%
up
88%
why
88%
Just
88%
rain
88%
heart
88%
feel
88%
did
88%
wearing
88%
smell
88%
recall
86%
our
86%
life
86%
day
86%
middle
86%
1:58
86%
now
86%
it's
86%
Life
86%
away
86%
darkness
86%
Away
86%
us
86%
again
85%
plan
85%
told
85%
interruptions
85%
rude
85%
those
85%
saying
85%
through
85%
mind
85%
kissed
85%
but
85%
But
85%
had
85%
party
85%
father
85%
handshake
85%
arms
85%
them
85%
wish
85%
showing
85%
nice
83%
old
83%
stayed
83%
friends
83%
reminds
83%
Hope
83%
hope
83%
time
83%
changing
83%
ask
83%
where
83%
keep
83%
fresh
83%
words
83%
ran
83%
beat
83%
shirt
83%
whispered
83%
dancing
83%
breathe
82%
weather
82%
change
82%
forget
82%
shines
82%
sun
82%
beautiful
82%
much
82%
meeting
82%
sleep
82%
because
82%
plane
80%
planned
80%
used
80%
pictures
80%
watch
80%
step
80%
pull
80%
then
80%
eyes
78%
lit
78%
swing
78%
jumps
75%
July
75%
9th
74%
roll
74%

Score Distribution

Percentile by Number Answered

Percent of People with Each Score

Your Score History

You have not taken this quiz since the last reset